Choroba z povolania

Choroby z povolania - vznik. Povinnosť zamestnávateľa preradiť zamestnanca na inú prácu. Prípady, v ktorých zákon pripúšťa možnosť, aby sa zamestnávateľ zbavil zodpovednosti. Skončenie pracovného pomeru.

Gespeichert in:
Bibliographische Detailangaben
1. Verfasser: Mrukviová Tomiová, Sandra
Format: Buchkapitel
Sprache:Slowakisch
Schlagworte:
Tags: Tag hinzufügen
Keine Tags, Fügen Sie das erste Tag hinzu!

MARC

LEADER 00000naa a2200000 4500
001 0225769
005 20170126141904.9
041 0 |a slo 
044 |a SK 
245 1 0 |a Choroba z povolania  |c Sandra Mrukviová Tomiová 
520 |a Choroby z povolania - vznik. Povinnosť zamestnávateľa preradiť zamestnanca na inú prácu. Prípady, v ktorých zákon pripúšťa možnosť, aby sa zamestnávateľ zbavil zodpovednosti. Skončenie pracovného pomeru. 
610 2 0 |a choroby z povolania 
610 2 0 |a zamestnávatelia 
610 2 0 |a preradenie pracovníkov 
610 2 0 |a skončenie pomeru pracovného 
100 1 |a Mrukviová Tomiová, Sandra